000 00373nam a22001697a 4500
005 20160621112724.0
008 160621b xxu||||| |||| 00| 0 eng d
020 _a978-07-0599953-6
041 _aeng
082 _b8690
100 _aSexena, Rajan
_92371
245 _aMarketing Management
260 _bTMH
300 _a758
650 _aManagement
_9241
942 _cBK
999 _c3353
_d3352